[Event "17th Tilburg Interpolis it"]
[Site "Tilburg NED"]
[Date "1993.??.??"]
[Round "1.1"]
[White "Cvitan, Ognjen"]
[Black "Svesnikovs, Jevgenijs"]
[Result "1/2-1/2"]
[WhiteElo "2550"]
[BlackElo "2570"]
[EventDate "1993.11.13"]
[PlyCount "71"]

1. d4 d5 2. c4 e6 3. Nc3 c6 4. e3 Nd7 5. Nf3 f5 6. Bd3 Bd6 7. Rb1 Ngf6 8. b4 a6
9. O-O O-O 10. a4 Ne4 11. Qb3 Rf6 12. b5 axb5 13. axb5 Rh6 14. g3 Ndf6 15. bxc6
bxc6 16. cxd5 exd5 17. Ne5 Rb8 18. Qxb8 Bxb8 19. Rxb8 Qc7 20. Rb3 Nd7 21. Nf3
Nb6 22. Bb2 Nc4 23. Bxc4 dxc4 24. Rb4 c5 25. dxc5 Qxc5 26. Rb5 Qc7 27. Nd5 Qd7
28. Rb8 Rc6 29. Rd1 Qa7 30. Ne5 Rc5 31. Nb6 h6 32. Rxc8+ Rxc8 33. Nxc8 Qa2 34.
Ne7+ Kh7 35. N5g6 Qxb2 36. Nf8+ 1/2-1/2

[Event "17th Tilburg Interpolis it"]
[Site "Tilburg NED"]
[Date "1993.??.??"]
[Round "1.2"]
[White "Svesnikovs, Jevgenijs"]
[Black "Cvitan, Ognjen"]
[Result "1/2-1/2"]
[WhiteElo "2570"]
[BlackElo "2550"]
[EventDate "1993.11.13"]
[PlyCount "78"]

1. e4 c5 2. c3 Nf6 3. e5 Nd5 4. Nf3 e6 5. Bc4 d6 6. O-O Be7 7. d4 cxd4 8. cxd4
Nc6 9. Qe2 O-O 10. Nc3 dxe5 11. dxe5 Nxc3 12. bxc3 Qc7 13. Qe4 Bd7 14. Re1 Rac8
15. Bg5 Nxe5 16. Bxe7 Nxf3+ 17. gxf3 Qxc4 18. Bxf8 Qxe4 19. fxe4 Kxf8 20. Rab1
Rc7 21. Re3 e5 22. Kf1 b6 23. Ke1 Rc5 24. Kd2 Ra5 25. Ra1 Be6 26. Ree1 Ra4 27.
f3 Ke7 28. Reb1 Kf6 29. a3 Ra5 30. a4 Bc4 31. Rb4 Rc5 32. Ke3 Rc6 33. Rc1 g6
34. Rb2 h6 35. Rd1 Ke7 36. h4 Rc5 37. Rb4 Rc6 38. Rb2 Rc5 39. Rb4 Rc6 1/2-1/2

[Event "17th Tilburg Interpolis it"]
[Site "Tilburg NED"]
[Date "1993.??.??"]
[Round "1.3"]
[White "Cvitan, Ognjen"]
[Black "Svesnikovs, Jevgenijs"]
[Result "1-0"]
[WhiteElo "2550"]
[BlackElo "2570"]
[EventDate "1993.11.13"]
[PlyCount "93"]

1. d4 d5 2. c4 e6 3. Nc3 c6 4. e4 dxe4 5. Nxe4 Bb4+ 6. Nc3 c5 7. a3 Bxc3+ 8.
bxc3 Nf6 9. Nf3 Qa5 10. Qc2 cxd4 11. Nxd4 Nc6 12. Bd2 O-O 13. Be2 e5 14. Nb5
Rd8 15. a4 a6 16. Na3 Bg4 17. f3 Bh5 18. O-O Qc5+ 19. Kh1 e4 20. Qc1 Ne5 21.
Be3 Qe7 22. Bd4 exf3 23. gxf3 Nc6 24. Qb2 Nxd4 25. cxd4 Qe3 26. d5 Ne4 27. Rae1
Rd6 28. Bd1 Qc3 29. Qxb7 Nf2+ 30. Kg2 Rf8 31. Kxf2 Qxa3 32. Qb3 Qc5+ 33. Re3
Rg6 34. Qc3 f5 35. f4 Bg4 36. Rfe1 Qc7 37. Qd4 Bxd1 38. Rxd1 Qd8 39. Rg3 Qh4
40. Kg2 Rff6 41. Qe5 h6 42. d6 Qh5 43. Rd2 Re6 44. d7 Rxg3+ 45. hxg3 Rxe5 46.
fxe5 Kh7 47. d8=Q 1-0

[Event "17th Tilburg Interpolis it"]
[Site "Tilburg NED"]
[Date "1993.??.??"]
[Round "1.4"]
[White "Svesnikovs, Jevgenijs"]
[Black "Cvitan, Ognjen"]
[Result "1-0"]
[WhiteElo "2570"]
[BlackElo "2550"]
[EventDate "1993.11.13"]
[PlyCount "85"]

1. e4 c5 2. c3 d5 3. exd5 Qxd5 4. d4 g6 5. Nf3 Bg7 6. Na3 cxd4 7. Bc4 Qd8 8.
Qb3 e6 9. Nxd4 Ne7 10. Bg5 h6 11. Be3 Nd5 12. Bxd5 exd5 13. O-O O-O 14. Nac2
Nc6 15. Nb4 Ne7 16. Rad1 a5 17. Nd3 a4 18. Qc2 a3 19. b4 Nf5 20. Nxf5 Bxf5 21.
Qb3 d4 22. cxd4 Be6 23. Qb1 Qd5 24. Rd2 Bf5 25. Nf4 Qb5 26. Qb3 Ra4 27. d5 Rc8
28. d6 Qxb4 29. Qxb4 Rxb4 30. Nd5 Bc3 31. Nxc3 Rxc3 32. d7 Bxd7 33. Rxd7 Rc2
34. h4 Rxh4 35. Rb1 Rxa2 36. g3 Rh5 37. Bd4 g5 38. Rbxb7 Rd2 39. Rd8+ Kh7 40.
Rxf7+ Kg6 41. Rf6+ Kh7 42. Rd7+ Kg8 43. Rg6+ 1-0

[Event "17th Tilburg Interpolis it"]
[Site "Tilburg NED"]
[Date "1993.??.??"]
[Round "1.5"]
[White "Cvitan, Ognjen"]
[Black "Svesnikovs, Jevgenijs"]
[Result "1-0"]
[WhiteElo "2550"]
[BlackElo "2570"]
[EventDate "1993.11.13"]
[PlyCount "111"]

1. d4 d5 2. c4 e6 3. Nc3 c6 4. e3 Nd7 5. Bd3 dxc4 6. Bxc4 b5 7. Be2 a6 8. Bf3
Bb7 9. a4 Ngf6 10. Nge2 Be7 11. O-O O-O 12. Bd2 Qb8 13. Ng3 Rc8 14. Nce4 c5 15.
axb5 axb5 16. dxc5 Rxa1 17. Qxa1 Nxc5 18. Nxc5 Bxc5 19. Bxb7 Qxb7 20. Rc1 Bf8
21. h3 b4 22. b3 Rxc1+ 23. Qxc1 Qd5 24. Qc2 h5 25. e4 Qb5 26. Be3 Qe5 27. f4
Qa1+ 28. Kf2 h4 29. Ne2 Qa8 30. Kf3 Nd7 31. Bf2 Be7 32. g4 hxg3 33. Nxg3 Qb7
34. Qc4 g6 35. Ke2 Bh4 36. Nh1 Bf6 37. Be3 Bc3 38. Nf2 Nf6 39. Kf3 e5 40. Ng4
Nxg4 41. hxg4 exf4 42. Bxf4 Qd7 43. Qd5 Qxd5 44. exd5 f5 45. gxf5 gxf5 46. Bc7
Kf7 47. Kf4 Kg6 48. d6 Bd2+ 49. Kf3 Kf7 50. d7 Bg5 51. d8=Q Bxd8 52. Bxd8 Ke6
53. Kf4 Kd5 54. Bf6 Kd6 55. Kxf5 Kd5 56. Be5 1-0

[Event "17th Tilburg Interpolis it"]
[Site "Tilburg NED"]
[Date "1993.??.??"]
[Round "1.6"]
[White "Svesnikovs, Jevgenijs"]
[Black "Cvitan, Ognjen"]
[Result "1/2-1/2"]
[WhiteElo "2570"]
[BlackElo "2550"]
[EventDate "1993.11.13"]
[PlyCount "148"]

1. e4 c5 2. c3 Nf6 3. e5 Nd5 4. Nf3 e6 5. Bc4 d6 6. O-O Be7 7. d4 cxd4 8. cxd4
O-O 9. Qe2 Bd7 10. Nbd2 dxe5 11. Nxe5 Nc6 12. Ndf3 Nxe5 13. Nxe5 Bc6 14. Nxc6
bxc6 15. Rd1 Rb8 16. Qc2 Bg5 17. a3 Bxc1 18. Raxc1 Ne7 19. Bd3 g6 20. Be4 Rb6
21. Rd3 Qd7 22. Qd2 Rfb8 23. b4 Qd8 24. Rh3 Qf8 25. Qg5 Rd8 26. Qh4 h6 27. Rd1
a5 28. bxa5 Ra6 29. Qf4 Rxa5 30. Rxh6 Qg7 31. Qc7 Raa8 32. Rh4 Rxd4 33. Rxd4
Qxd4 34. g3 Nd5 35. Qxc6 Rd8 36. Qc1 Nc3 37. Bf3 Qd2 38. Qxd2 Rxd2 39. Rc4 Nd1
40. Bxd1 Rxd1+ 41. Kg2 Ra1 42. Ra4 e5 43. Kf3 Ra2 44. h4 Kg7 45. g4 f5 46. Ra7+
Kf6 47. g5+ Ke6 48. Rg7 Rxa3+ 49. Kg2 f4 50. f3 e4 51. Rxg6+ Ke5 52. fxe4 Kxe4
53. Rf6 Rg3+ 54. Kf2 Rf3+ 55. Ke2 Re3+ 56. Kd2 Rd3+ 57. Kc2 Rh3 58. Re6+ Kf5
59. Rh6 f3 60. Kd2 Ke4 61. Re6+ Kf5 62. Rf6+ Ke4 63. Ra6 Rh2+ 64. Ke1 Rh1+ 65.
Kf2 Rh2+ 66. Kf1 Kf4 67. g6 Kg3 68. Ke1 Rh1+ 69. Kd2 Rxh4 70. Ke3 Rg4 71. Rf6
f2 72. Ke2 Rg5 73. Kf1 Kg4 74. Kxf2 Kh5 1/2-1/2

[Event "17th Tilburg Interpolis it"]
[Site "Tilburg NED"]
[Date "1993.??.??"]
[Round "1.1"]
[White "Damljanovic, Branko"]
[Black "De Boer, Gert Jan"]
[Result "1/2-1/2"]
[WhiteElo "2570"]
[BlackElo "2435"]
[EventDate "1993.11.13"]
[PlyCount "94"]

1. Nf3 Nf6 2. c4 c5 3. g3 Nc6 4. Bg2 d5 5. O-O d4 6. d3 e5 7. e3 Nd7 8. Re1 Be7
9. Na3 O-O 10. Nc2 a5 11. Rb1 f5 12. exd4 cxd4 13. a3 a4 14. Bd2 Bf6 15. Bb4
Re8 16. Bd6 Ra6 17. Nd2 g6 18. c5 Ra5 19. b4 axb3 20. Nxb3 Ra7 21. Nb4 Ndb8 22.
Qc1 Be6 23. Nd2 Kg7 24. Nc4 Bxc4 25. Qxc4 Qd7 26. Nxc6 Nxc6 27. Qd5 Qf7 28.
Qxf7+ Kxf7 29. Bd5+ Kg7 30. Rxb7+ Rxb7 31. Bxc6 Rbb8 32. Bxe8 Rxe8 33. c6 Kf7
34. c7 Ke6 35. Bxe5 Bxe5 36. f4 Rc8 37. Rxe5+ Kd6 38. Ra5 Rxc7 39. Ra6+ Kd5 40.
Ra5+ Kd6 41. h4 Rc3 42. h5 Rxd3 43. Kf2 Ke6 44. hxg6 hxg6 45. a4 Ra3 46. Re5+
Kf6 47. a5 g5 1/2-1/2

[Event "17th Tilburg Interpolis it"]
[Site "Tilburg NED"]
[Date "1993.??.??"]
[Round "1.2"]
[White "De Boer, Gert Jan"]
[Black "Damljanovic, Branko"]
[Result "0-1"]
[WhiteElo "2435"]
[BlackElo "2570"]
[EventDate "1993.11.13"]
[PlyCount "54"]

1. d4 d6 2. Nf3 Nf6 3. c4 c6 4. Nc3 Bg4 5. e4 Nbd7 6. Be2 e5 7. O-O Be7 8. Be3
O-O 9. Qc2 exd4 10. Nxd4 Bxe2 11. Qxe2 g6 12. Rfd1 Re8 13. f3 Bf8 14. Qf2 a6
15. Rac1 Rc8 16. Rc2 Qa5 17. Nb3 Qh5 18. Ne2 Qe5 19. Bf4 Qe6 20. Na5 b6 21. Nd4
Nxe4 22. fxe4 Qg4 23. Rf1 bxa5 24. h3 Qh5 25. Bxd6 Bxd6 26. Qxf7+ Kh8 27. Qxd7
Bc5 0-1

[Event "17th Tilburg Interpolis it"]
[Site "Tilburg NED"]
[Date "1993.??.??"]
[Round "1.1"]
[White "De Kleuver, Esther"]
[Black "Miles, Anthony"]
[Result "0-1"]
[WhiteElo "2150"]
[BlackElo "2565"]
[EventDate "1993.11.13"]
[PlyCount "54"]

1. e4 c5 2. c3 b6 3. d4 Bb7 4. Bd3 Nf6 5. f3 e6 6. Be3 d5 7. e5 Nfd7 8. Nd2 Ba6
9. Bb1 Nc6 10. Nh3 b5 11. f4 b4 12. Nf3 bxc3 13. bxc3 Qa5 14. Bd2 Qb6 15. Bc2
cxd4 16. Rb1 Qc5 17. cxd4 Nxd4 18. Nxd4 Qxd4 19. Ng5 Bc5 20. Qf3 h6 21. Qh5 O-O
22. Kd1 Bd3 23. Bxd3 Qxd3 24. Rb3 Qa6 25. Rh3 Rab8 26. Re1 Rb1+ 27. Bc1 Qc4 0-1

[Event "17th Tilburg Interpolis it"]
[Site "Tilburg NED"]
[Date "1993.??.??"]
[Round "1.2"]
[White "Miles, Anthony"]
[Black "De Kleuver, Esther"]
[Result "1-0"]
[WhiteElo "2565"]
[BlackElo "2150"]
[EventDate "1993.11.13"]
[PlyCount "73"]

1. d4 Nf6 2. Nf3 e6 3. c4 c5 4. d5 exd5 5. cxd5 d6 6. Nc3 g6 7. e3 Bg7 8. Be2
O-O 9. O-O Na6 10. Ne1 Nc7 11. a4 b6 12. Nc2 Ba6 13. Bxa6 Nxa6 14. Qd3 Nc7 15.
Rb1 Re8 16. Bd2 Qe7 17. f3 Qe5 18. e4 Qe7 19. Rbe1 Rac8 20. f4 c4 21. Qf3 Nd7
22. Nb4 Nc5 23. e5 Qd7 24. Be3 a5 25. Bxc5 bxc5 26. Nc6 Nxd5 27. Nxd5 Rxc6 28.
Rd1 Kh8 29. Rfe1 Qc8 30. Nf6 Rd8 31. Qd5 Rf8 32. Qxc4 dxe5 33. Nd7 Rd8 34. Nxe5
Rc7 35. Rxd8+ Qxd8 36. Nxf7+ Rxf7 37. Qxf7 1-0

[Event "17th Tilburg Interpolis it"]
[Site "Tilburg NED"]
[Date "1993.??.??"]
[Round "1.2"]
[White "Vyzhmanavin, Alexei"]
[Black "Djuric, Stefan"]
[Result "1-0"]
[WhiteElo "2605"]
[BlackElo "2495"]
[EventDate "1993.11.13"]
[PlyCount "81"]

1. d4 Nf6 2. c4 e6 3. Nf3 c5 4. e3 d5 5. Nc3 cxd4 6. exd4 Bb4 7. Bd3 O-O 8. O-O
dxc4 9. Bxc4 b6 10. Bg5 Bxc3 11. bxc3 Nbd7 12. Bd3 Bb7 13. Rc1 Qc7 14. Re1 Rfe8
15. Bh4 Qd6 16. Bg3 Qa3 17. Qb3 Qe7 18. Bb5 Rec8 19. c4 Ne4 20. Bf4 Ndf6 21.
Ba4 Ng4 22. Rc2 Qf6 23. Be5 Qd8 24. Qb2 Nd6 25. c5 Nxe5 26. dxe5 Bxf3 27. cxd6
Qg5 28. g3 Qg4 29. Rxc8+ Rxc8 30. Rc1 Rd8 31. Qc3 h6 32. Bc6 Bxc6 33. Qxc6 Qe2
34. Qc7 Rf8 35. d7 Qd2 36. Kg2 g5 37. Qc8 Kg7 38. h4 Qd5+ 39. Kg1 Qd2 40. h5
Qd4 41. Qe8 1-0

[Event "17th Tilburg Interpolis it"]
[Site "Tilburg NED"]
[Date "1993.??.??"]
[Round "1.2"]
[White "Zapata Ramirez, Alonso"]
[Black "Dolmatov, Sergei"]
[Result "1-0"]
[WhiteElo "2555"]
[BlackElo "2630"]
[EventDate "1993.11.13"]
[PlyCount "147"]

1. e4 e6 2. d4 d5 3. Nd2 c5 4. Ngf3 Nf6 5. exd5 exd5 6. Bb5+ Bd7 7. Qe2+ Be7 8.
dxc5 O-O 9. Nb3 Re8 10. Be3 a6 11. Bd3 Ba4 12. Nfd4 Nbd7 13. O-O-O Bxb3 14.
Nxb3 Nxc5 15. Qf3 Nxd3+ 16. Rxd3 a5 17. Nd4 Nd7 18. Rb3 Ne5 19. Qh5 Bf6 20. Rd1
g6 21. Qh3 Qe7 22. Kb1 Nc4 23. Qf3 Rad8 24. a3 Bg7 25. Bc1 Rd7 26. Rb5 Qe4 27.
Qh3 Rc7 28. f3 Qe5 29. Qh4 Qd6 30. Nb3 Qe6 31. Rbxd5 Bf6 32. Qf4 Rec8 33. Qe4
a4 34. Nd4 Qxe4 35. fxe4 Re7 36. b3 axb3 37. cxb3 Ne5 38. Nb5 Ng4 39. Rf1 Kg7
40. h3 Ne5 41. Bb2 Rc6 42. Rxf6 Kxf6 43. h4 Rce6 44. Nd4 Rb6 45. Nb5 Rbe6 46.
a4 Kg7 47. Nc7 Rxc7 48. Bxe5+ Rxe5 49. Rxe5 Kf6 50. Rb5 Ke6 51. g4 Kd6 52. Rd5+
Ke6 53. Kb2 h6 54. Rb5 Kd6 55. h5 Re7 56. Kc3 Rxe4 57. Rxb7 Rxg4 58. Rxf7 gxh5
59. Rf6+ Kc7 60. Rxh6 h4 61. a5 Kb7 62. b4 Ka7 63. Kb3 Rf4 64. Ka4 Rg4 65. a6
Rg5 66. b5 Rg1 67. Rxh4 Ra1+ 68. Kb4 Rb1+ 69. Kc5 Rc1+ 70. Rc4 Rh1 71. Kb4 Rb1+
72. Ka5 Ra1+ 73. Ra4 Rb1 74. Ra2 1-0

[Event "17th Tilburg Interpolis it"]
[Site "Tilburg NED"]
[Date "1993.??.??"]
[Round "1.3"]
[White "Dolmatov, Sergei"]
[Black "Zapata Ramirez, Alonso"]
[Result "1-0"]
[WhiteElo "2630"]
[BlackElo "2555"]
[EventDate "1993.11.13"]
[PlyCount "143"]

1. e4 c5 2. Nf3 e6 3. c3 Nf6 4. e5 Nd5 5. d4 cxd4 6. cxd4 d6 7. Bc4 Be7 8. O-O
O-O 9. Qe2 Bd7 10. Nc3 Nxc3 11. bxc3 Bc6 12. Bf4 dxe5 13. Nxe5 Bd5 14. Bd3 Nd7
15. c4 Nxe5 16. Bxe5 Bc6 17. Rad1 Bf6 18. Bc2 Rc8 19. Bxf6 Qxf6 20. d5 exd5 21.
cxd5 Bd7 22. Bb3 Rfe8 23. Qd2 Qc3 24. Qxc3 Rxc3 25. Rfe1 Kf8 26. f3 a5 27. d6
Rce3 28. Rxe3 Rxe3 29. Kf2 Rc3 30. Re1 Rd3 31. Re7 Be8 32. Rxb7 Rxd6 33. Ke3 a4
34. Bc4 Bd7 35. Ra7 h6 36. h4 g5 37. hxg5 hxg5 38. Ke4 Kg7 39. Ke5 Rd2 40. Bd5
Be8 41. g4 Re2+ 42. Kf5 Rd2 43. Ra5 f6 44. Ra7+ Kh6 45. Be6 Rd3 46. Kxf6 Rxf3+
47. Bf5 Bg6 48. Rxa4 Bxf5 49. gxf5 Kh5 50. Ra8 Kg4 51. Ra5 Kh4 52. Kg6 g4 53.
f6 g3 54. Rh5+ Kg4 55. Rg5+ Kh4 56. a4 Rf4 57. a5 Rg4 58. Rxg4+ Kxg4 59. f7 g2
60. f8=Q g1=Q 61. Qb4+ Kf3+ 62. Kf6 Qc1 63. Qb5 Qh6+ 64. Ke7 Qg7+ 65. Kd6 Qf6+
66. Kc7 Qe7+ 67. Kb6 Ke4 68. Qc6+ Kd4 69. a6 Qb4+ 70. Kc7 Ke5 71. a7 Qe7+ 72.
Kb6 1-0

[Event "17th Tilburg Interpolis it"]
[Site "Tilburg NED"]
[Date "1993.??.??"]
[Round "1.4"]
[White "Zapata Ramirez, Alonso"]
[Black "Dolmatov, Sergei"]
[Result "1/2-1/2"]
[WhiteElo "2555"]
[BlackElo "2630"]
[EventDate "1993.11.13"]
[PlyCount "103"]

1. e4 e6 2. d4 d5 3. Nd2 c5 4. Ngf3 cxd4 5. exd5 Qxd5 6. Bc4 Qd6 7. O-O Nf6 8.
Nb3 Nc6 9. Qe2 Be7 10. Bg5 O-O 11. Rfe1 a6 12. Rad1 b5 13. Bd3 Bb7 14. c3 Rfe8
15. Bb1 Qc7 16. Nbxd4 Nxd4 17. Nxd4 Rad8 18. Qd3 g6 19. Qh3 Nh5 20. Bh6 Bf6 21.
Qg4 e5 22. Nf5 Rxd1 23. Rxd1 Rd8 24. Be3 Nf4 25. Bxf4 exf4 26. Nd4 b4 27. Qe2
bxc3 28. bxc3 Qxc3 29. Nb3 Rxd1+ 30. Qxd1 f3 31. g3 a5 32. Qd2 Qxd2 33. Nxd2
Bd5 34. a4 Bg5 35. Be4 Bxd2 36. Bxd5 Kg7 37. Bxf3 g5 38. Kf1 f6 39. Ke2 Bb4 40.
Be4 h6 41. Kf3 Bc3 42. Kg4 Bb4 43. Kf5 Be1 44. f4 gxf4 45. Kxf4 Bb4 46. Kf5 Bc3
47. Bd5 Bb4 48. Bb3 Bc3 49. Bd1 Bb4 50. Bh5 Bc3 51. Ke6 Bb4 52. Kd5 1/2-1/2

[Event "17th Tilburg Interpolis it"]
[Site "Tilburg NED"]
[Date "1993.??.??"]
[Round "1.2"]
[White "Hansen, Lars Bo"]
[Black "Epishin, Vladimir"]
[Result "1/2-1/2"]
[WhiteElo "2560"]
[BlackElo "2655"]
[EventDate "1993.11.13"]
[PlyCount "42"]

1. Nf3 Nf6 2. c4 e6 3. d4 b6 4. g3 Ba6 5. b3 d5 6. cxd5 exd5 7. Bg2 Bb4+ 8. Bd2
Bxd2+ 9. Qxd2 O-O 10. Nc3 Re8 11. Ne5 Bb7 12. O-O c5 13. e3 Qe7 14. Qc2 Na6 15.
Rac1 Nc7 16. Rfe1 Ne6 17. Qb2 Rad8 18. Nd3 Ba6 19. Ne5 Bb7 20. Nd3 Ba6 21. Ne5
Bb7 1/2-1/2

[Event "17th Tilburg Interpolis it"]
[Site "Tilburg NED"]
[Date "1993.??.??"]
[Round "1.1"]
[White "Geller, Efim"]
[Black "Van Wely, Loek"]
[Result "0-1"]
[WhiteElo "2505"]
[BlackElo "2590"]
[EventDate "1993.11.13"]
[PlyCount "64"]

1. Nf3 Nf6 2. c4 g6 3. Nc3 Bg7 4. e4 d6 5. d4 O-O 6. Be2 e5 7. O-O Nc6 8. d5
Ne7 9. Bd2 Nh5 10. Rc1 h6 11. Re1 Nf4 12. Bf1 g5 13. h4 gxh4 14. Nxh4 f5 15. g3
Nfg6 16. Nxg6 Nxg6 17. exf5 Bxf5 18. Ne4 Ne7 19. Qh5 Bg6 20. Qg4 Qe8 21. c5 Qf7
22. Re2 Nf5 23. cxd6 cxd6 24. Be1 Bh5 25. Qh3 Bxe2 26. Bxe2 Nd4 27. Bg4 Qxd5
28. Qg2 Qf7 29. Nxd6 Qg6 30. Qd5+ Kh8 31. Bd1 Rad8 32. Bb4 Qf6 0-1

[Event "17th Tilburg Interpolis it"]
[Site "Tilburg NED"]
[Date "1993.??.??"]
[Round "1.2"]
[White "Van Wely, Loek"]
[Black "Geller, Efim"]
[Result "1-0"]
[WhiteElo "2590"]
[BlackElo "2505"]
[EventDate "1993.11.13"]
[PlyCount "91"]

1. d4 d5 2. c4 e6 3. Nc3 Be7 4. Nf3 Nf6 5. Bg5 h6 6. Bxf6 Bxf6 7. e3 O-O 8. Qc2
c5 9. dxc5 Qa5 10. cxd5 exd5 11. O-O-O Be6 12. Nxd5 Rc8 13. Kb1 Rxc5 14. b4
Rxc2 15. Nxf6+ gxf6 16. bxa5 Rxf2 17. Rd8+ Kg7 18. Nd4 Bxa2+ 19. Ka1 f5 20. Bd3
f4 21. exf4 Nc6 22. Nxc6 Rxd8 23. Nxd8 Bd5 24. Rd1 Ra2+ 25. Kb1 Rxa5 26. Rc1
Ra3 27. Bc4 Bxc4 28. Rxc4 Rd3 29. Rc8 a5 30. Kc2 Rd7 31. Kb3 b5 32. Nc6 Rd2 33.
g3 a4+ 34. Kb4 Rb2+ 35. Kc5 a3 36. Ra8 a2 37. Nb4 Rxh2 38. Rxa2 Rxa2 39. Nxa2
Kf6 40. Nc3 Kf5 41. Nxb5 Kg4 42. Kd4 Kxg3 43. Ke3 f6 44. Nd6 Kg4 45. Ne4 f5 46.
Nf6+ 1-0

[Event "17th Tilburg Interpolis it"]
[Site "Tilburg NED"]
[Date "1993.??.??"]
[Round "1.1"]
[White "Giorgadze, Giorgi"]
[Black "Hjartarson, Johann"]
[Result "0-1"]
[WhiteElo "2555"]
[BlackElo "2605"]
[EventDate "1993.11.13"]
[PlyCount "100"]

1. d4 Nf6 2. Nf3 e6 3. e3 b6 4. Bd3 Bb7 5. O-O c5 6. Nbd2 Be7 7. b3 O-O 8. Bb2
cxd4 9. exd4 d6 10. c4 Nbd7 11. Qe2 Re8 12. Rfe1 Bf8 13. Rad1 g6 14. Qe3 Bg7
15. h3 Rc8 16. Ba3 Qc7 17. Qf4 e5 18. Qh4 h6 19. Ne4 Bxe4 20. Bxe4 g5 21. Qg3
Nxe4 22. Rxe4 f5 23. Ree1 e4 24. Nh2 d5 25. Qxc7 Rxc7 26. cxd5 Rc2 27. Nf1 Rxa2
28. Bc1 Ra5 29. h4 f4 30. hxg5 hxg5 31. g3 Bh6 32. Nd2 Nf6 33. d6 Rd5 34. Ba3
Bf8 35. Ra1 Bxd6 36. Bxd6 Rxd6 37. Rxa7 Rxd4 38. Nf1 Rd3 39. b4 e3 40. fxe3
fxe3 41. Ra2 Nd5 42. Rae2 Rb3 43. b5 Kg7 44. Kg2 Kg6 45. Rd1 Rxb5 46. Rd3 Kf5
47. Rd4 Re5 48. Kf3 Ke6 49. Rd3 Rb4 50. Nxe3 Rbe4 0-1

[Event "17th Tilburg Interpolis it"]
[Site "Tilburg NED"]
[Date "1993.??.??"]
[Round "1.2"]
[White "Hjartarson, Johann"]
[Black "Giorgadze, Giorgi"]
[Result "0-1"]
[WhiteElo "2605"]
[BlackElo "2555"]
[EventDate "1993.11.13"]
[PlyCount "86"]

1. e4 e5 2. Nf3 Nc6 3. Bc4 Bc5 4. c3 Nf6 5. b4 Bb6 6. d3 d6 7. a4 a5 8. b5 Ne7
9. Nbd2 c6 10. bxc6 bxc6 11. O-O O-O 12. Ba3 Re8 13. Bb3 Ng6 14. Nc4 Bc7 15.
Qc2 Bg4 16. Ng5 d5 17. Ne3 Bh5 18. Nf5 h6 19. Nf3 Nf4 20. Kh1 Rb8 21. Ba2 Qd7
22. Ng1 Bg6 23. Ng3 h5 24. f3 h4 25. N3e2 Ne6 26. Nh3 Nh5 27. Rad1 Rbd8 28. Bc1
Qe7 29. Be3 Rd7 30. Rb1 Bd6 31. exd5 cxd5 32. Rb5 Bc5 33. Bxc5 Nxc5 34. Nf2 e4
35. fxe4 dxe4 36. d4 Nd3 37. Ng4 e3 38. Qb3 Qe4 39. Rg5 h3 40. Ne5 hxg2+ 41.
Rxg2 Rxe5 42. dxe5 Nf2+ 43. Kg1 Qxg2+ 0-1

[Event "17th Tilburg Interpolis it"]
[Site "Tilburg NED"]
[Date "1993.??.??"]
[Round "1.3"]
[White "Giorgadze, Giorgi"]
[Black "Hjartarson, Johann"]
[Result "0-1"]
[WhiteElo "2555"]
[BlackElo "2605"]
[EventDate "1993.11.13"]
[PlyCount "70"]

1. Nf3 Nf6 2. g3 b6 3. Bg2 Bb7 4. b3 e6 5. Bb2 Be7 6. O-O c5 7. c4 O-O 8. Nc3
a6 9. e3 d6 10. d4 cxd4 11. exd4 Nbd7 12. Re1 Re8 13. Qd2 Bf8 14. Nh4 Bxg2 15.
Nxg2 g6 16. a4 Bg7 17. Ba3 Qc7 18. Rac1 Rad8 19. Nf4 h5 20. Nd3 h4 21. d5 e5
22. Nb4 Nc5 23. Rb1 e4 24. Nc6 Rc8 25. Bxc5 bxc5 26. Qc2 e3 27. f3 Nh5 28. Kg2
Qd7 29. Re2 Bxc3 30. Qxc3 Qf5 31. Rf1 hxg3 32. Rxe3 Nf4+ 33. Kxg3 Qg5+ 34. Kf2
Qh4+ 35. Kg1 Ne2+ 0-1

[Event "17th Tilburg Interpolis it"]
[Site "Tilburg NED"]
[Date "1993.??.??"]
[Round "1.4"]
[White "Hjartarson, Johann"]
[Black "Giorgadze, Giorgi"]
[Result "1/2-1/2"]
[WhiteElo "2605"]
[BlackElo "2555"]
[EventDate "1993.11.13"]
[PlyCount "92"]

1. d4 d5 2. c4 e6 3. Nc3 Bb4 4. Nf3 Nf6 5. e3 O-O 6. Bd3 b6 7. O-O Bb7 8. a3
Be7 9. cxd5 exd5 10. b4 c6 11. Bb2 Nbd7 12. Qb3 a5 13. Rac1 axb4 14. axb4 b5
15. e4 dxe4 16. Nxe4 Nd5 17. Nc5 Nxc5 18. bxc5 Nf4 19. Rfe1 Nxd3 20. Qxd3 Bf6
21. Qb3 Bc8 22. h3 Bf5 23. Rcd1 Re8 24. Rxe8+ Qxe8 25. d5 Bxb2 26. Qxb2 cxd5
27. Rxd5 Be6 28. Rg5 g6 29. Nd4 Bc4 30. Nf5 Qf8 31. Nd6 Qg7 32. Qxg7+ Kxg7 33.
c6 Kf6 34. Rc5 Ke6 35. Nxc4 bxc4 36. Rxc4 Rc8 37. Kh2 Kd5 38. Rf4 f5 39. g4
Rxc6 40. gxf5 Ke5 41. Rh4 Kxf5 42. Rxh7 Rc3 43. Kg2 Ra3 44. f3 g5 45. Rh6 Rb3
46. Kg3 Ra3 1/2-1/2

[Event "17th Tilburg Interpolis it"]
[Site "Tilburg NED"]
[Date "1993.??.??"]
[Round "1.1"]
[White "Gurevich, Mikhail"]
[Black "Marin, Mihail"]
[Result "1-0"]
[WhiteElo "2605"]
[BlackElo "2515"]
[EventDate "1993.11.13"]
[PlyCount "73"]

1. Nf3 Nf6 2. c4 g6 3. Nc3 Bg7 4. e4 O-O 5. d4 d6 6. Be2 e5 7. O-O Nc6 8. d5
Ne7 9. Nd2 a5 10. a3 Nd7 11. Rb1 f5 12. b4 Kh8 13. f3 Ng8 14. Qc2 Ngf6 15. Bd3
f4 16. Nb5 b6 17. Bb2 Ne8 18. Be2 h5 19. c5 bxc5 20. bxc5 Nxc5 21. a4 g5 22.
Ba3 Na6 23. Rfc1 Bd7 24. Nc3 g4 25. Bb5 Rg8 26. Bxd7 Qxd7 27. Nb5 Bh6 28. Qc6
Rd8 29. Rc2 Nf6 30. Qxa6 gxf3 31. Nxf3 Qh3 32. Rf1 Nxe4 33. Nxc7 Rg4 34. Bxd6
Rxd6 35. Qc8+ Kh7 36. Ne6 Rxd5 37. Qb7+ 1-0

[Event "17th Tilburg Interpolis it"]
[Site "Tilburg NED"]
[Date "1993.??.??"]
[Round "1.1"]
[White "Hansen, Curt"]
[Black "Krnic, Zdenko"]
[Result "1-0"]
[WhiteElo "2590"]
[BlackElo "2425"]
[EventDate "1993.11.13"]
[PlyCount "75"]

1. c4 e5 2. Nc3 Nc6 3. Nf3 f5 4. d4 e4 5. Ng1 Nf6 6. Nh3 Bb4 7. Bd2 O-O 8. e3
d6 9. Be2 Ne7 10. Nf4 c5 11. O-O Ng6 12. Nxg6 hxg6 13. a3 Ba5 14. b4 cxb4 15.
axb4 Bxb4 16. Nxe4 Bxd2 17. Nxf6+ Qxf6 18. Qxd2 Be6 19. Qb4 d5 20. Qxb7 dxc4
21. Rxa7 Rxa7 22. Qxa7 Bd5 23. Qd7 Qf7 24. Qd6 Rc8 25. Rc1 Qb7 26. h4 c3 27.
Ba6 Qb2 28. Qxd5+ Kh7 29. Rf1 Rc7 30. Bc4 Rc8 31. Qe6 Rf8 32. Bb3 Rb8 33. Ba4
Rb6 34. Qd5 Qa3 35. Qc5 Rb4 36. Bc2 Qb2 37. Bd3 Rb6 38. Rb1 1-0

[Event "17th Tilburg Interpolis it"]
[Site "Tilburg NED"]
[Date "1993.??.??"]
[Round "1.2"]
[White "Krnic, Zdenko"]
[Black "Hansen, Curt"]
[Result "1/2-1/2"]
[WhiteElo "2425"]
[BlackElo "2590"]
[EventDate "1993.11.13"]
[PlyCount "76"]

1. e4 c5 2. Nf3 d6 3. Nc3 Nf6 4. e5 dxe5 5. Nxe5 e6 6. g3 Nfd7 7. Nc4 Be7 8.
Bg2 O-O 9. d3 Nb6 10. Ne3 N8d7 11. a4 Nf6 12. Qf3 Rb8 13. a5 Nbd7 14. Qf4 b5
15. axb6 axb6 16. Nb5 Bb7 17. Bxb7 Rxb7 18. O-O Nb8 19. Bd2 Qd7 20. Qa4 Nc6 21.
Bc3 Rd8 22. Rfe1 h6 23. Nc4 Nd5 24. Ne5 Nxe5 25. Bxe5 Nb4 26. Re2 Bf8 27. Bc3
Rbb8 28. Bxb4 Ra8 29. Qxa8 Rxa8 30. Rxa8 cxb4 31. Re4 Qxb5 32. Rc4 Qh5 33. Rd8
g5 34. Rcc8 Qd1+ 35. Kg2 g4 36. Rxf8+ Kg7 37. b3 Qf3+ 38. Kg1 Qd1+ 1/2-1/2

[Event "17th Tilburg Interpolis it"]
[Site "Tilburg NED"]
[Date "1993.??.??"]
[Round "1.1"]
[White "Hertneck, Gerald"]
[Black "Khenkin, Igor"]
[Result "1-0"]
[WhiteElo "2565"]
[BlackElo "2570"]
[EventDate "1993.11.13"]
[PlyCount "73"]

1. d4 d5 2. c4 c6 3. Nf3 Nf6 4. Nc3 e6 5. Bg5 h6 6. Bxf6 Qxf6 7. e3 Nd7 8. Bd3
g6 9. O-O Bg7 10. e4 dxc4 11. e5 Qe7 12. Bxc4 O-O 13. Rc1 c5 14. Ne4 Rd8 15.
Nfd2 cxd4 16. f4 b6 17. Nd6 Nc5 18. b4 Nb7 19. Qf3 Nxd6 20. exd6 Qb7 21. Ne4
Rb8 22. Bd3 Qd5 23. Rc7 Bb7 24. Qg3 Qh5 25. Nd2 Rxd6 26. f5 Qg5 27. Rxb7 Rxb7
28. Qxd6 Qxd2 29. Ba6 Bf8 30. Qd8 Qe3+ 31. Kh1 Qe4 32. Bxb7 Qxb7 33. fxe6 f5
34. Qd7 Qxd7 35. exd7 Be7 36. Rc1 Kf7 37. Rc8 1-0